000 00500nam a2200157 a 4500
001 000035475
005 20250512110523.0
008 111101s1885 fr a 000 0 fre d
040 _aDO-SdBNP
_bspa
_cBNPHU
041 1 7 _afre
100 1 _aFlammarion, Camille,
_d1842-1925
_961341
245 1 0 _aAstronomie populaire :
_bdescription générale du ciel /
_cCamille Flammarion.
260 _aParis :
_bC. Marpon et E. Flammarion,
_c1885.
300 _a839 p. :
_bil. ;
_c28 cm.
650 2 0 _aAstronomía
_925809
999 _c34966
_d34966